| 000 | 00580nam a2200193 a 4500 | ||
|---|---|---|---|
| 001 | 13366 | ||
| 005 | 20180713201731.0 | ||
| 008 | 140415s1993 sp 000 0 spa d | ||
| 041 | _aspa | ||
| 082 |
_a616.8914 _bFEI |
||
| 100 | 1 | _aFEIXAZ, GUILLEM | |
| 245 | 1 | 0 |
_aAPROXIMACIONES A LA PSICOTERAPIA : _bUNA INTRODUCCION A LOS TRATAMIENTOS PSICOLOGICOS |
| 250 | _a1a ed. | ||
| 260 |
_aESPAÑA : _bPAIDOS, _c1993 |
||
| 300 | _a416 | ||
| 490 | _aBIBLIOTECA DE PSIQUIATRIA, PSICOPATOLOGIA Y PSIC.. | ||
| 650 | 1 | 4 | _aPSICOTERAPIA |
| 700 | 1 |
_aMIRO, MA. TERESA _ecoaut. |
|
| 999 |
_c13366 _d13366 |
||